| Tag |
First Indicator |
Second Indicator |
Subfields |
| LEADER |
00000cjm a2200000Ia 4500 |
| 001 |
in00001790921 |
| 005 |
20151025132215.0 |
| 007 |
sd fungnn---eu |
| 008 |
961025s1996 mdumun d |
| 024 |
1 |
0 |
|a 095182021523
|
| 028 |
0 |
2 |
|a MMCD 215
|b Maggie's Music
|
| 033 |
|
0 |
|b 3884
|c S75
|
| 035 |
|
|
|a (OCoLC)ocm35791512
|
| 040 |
|
|
|a JED
|c JED
|d CPL
|d TXA
|d UtOrBLW
|
| 041 |
0 |
|
|g eng
|
| 043 |
|
|
|a e-uk-st
|
| 047 |
|
|
|a cr
|a fm
|
| 049 |
|
|
|a TXAM
|
| 090 |
|
|
|a M1746.R5
|b S36 1996
|
| 100 |
1 |
|
|a Rideout, Bonnie,
|e performer.
|
| 245 |
1 |
2 |
|a A Scottish Christmas /
|c Bonnie Rideout, Maggie Sansone, Al Petteway.
|
| 264 |
|
1 |
|a Annapolis, MD :
|b Maggie's Music,
|c [1996]
|
| 264 |
|
4 |
|c ℗1996
|
| 300 |
|
|
|a 1 sound disc :
|b digital ;
|c 4 3/4 in.
|
| 336 |
|
|
|a performed music
|b prm
|2 rdacontent
|
| 337 |
|
|
|a audio
|b s
|2 rdamedia
|
| 338 |
|
|
|a audio disc
|b sd
|2 rdacarrier
|
| 500 |
|
|
|a "Traditional Scottish carols, wassail tunes, strathspeys and reels for the celebration of Christmas, Hogmanay & the New Year"--Container.
|
| 511 |
0 |
|
|a Bonnie Rideout, Scottish fiddle ; Maggie Sansone, hammered dulcimer ; Al Petteway, acoustic guitar ; with Eric Rigler, Highland bagpipes, Scottish smallpipes, uilleann pipes, and other musicians.
|
| 518 |
|
|
|a Recorded at Bias Studios, Springfield, VA.
|
| 500 |
|
|
|a Compact disc.
|
| 505 |
0 |
0 |
|t O come, o come Emmanuel ;
|t God rest ye merry, gentlemen
|g (4:14) --
|t Here we come a-wassailing ;
|t Bottom of the punch bowl
|g (3:37) --
|t Christmas duanag ;
|t Hark the bonny Christ Church bells
|g (3:00) --
|t What Child is this
|t (Greensleeves)
|g (5:42) --
|t Rock thee o' Child ;
|t Christ Child's lullaby
|g (4:31) --
|t Christmas carousing ;
|t Ale is dear ;
|t New Christmass
|g (3:59) --
|t Da' day dawis ;
|t Christmas Day i' da moornin'
|g (4:20) --
|t Adeste fidelis
|t (O come all ye faithful)
|g (2:53) --
|t Baloo, lammy
|g (3:57) --
|t Gloomy winter
|g (2:22) --
|t The huntsman's bag of grain ;
|t Goosegirl's song ;
|t New Year's Day
|g (3:10) --
|t New Year's Day ;
|t On Christmas night
|g (3:26) --
|t Yeoman's carol ;
|t Sound of sleat
|g (5:13) --
|t Rorate
|t (Nativity)
|g (2:54) --
|t All sons of Adam
|g (1:55) --
|t Auld lang syne
|g (4:22).
|
| 536 |
|
|
|a A gift from the estate of Dwayne Elliott May, class of '68, April 2002.
|
| 500 |
|
|
|a Sound recording.
|
| 650 |
|
0 |
|a Christmas music.
|
| 650 |
|
0 |
|a Carols
|z Scotland
|v Instrumental settings.
|
| 650 |
|
0 |
|a Folk music
|z Scotland.
|
| 650 |
|
0 |
|a New Year music.
|
| 700 |
1 |
|
|a Sansone, Maggie,
|e performer.
|
| 700 |
1 |
|
|a Petteway, Al,
|e performer.
|
| 700 |
1 |
|
|a Rigler, Eric,
|e performer.
|
| 948 |
|
|
|a cataloged
|b h
|c 2003/11/26
|d c
|e fpiscitelli
|f 3:10:55 pm
|
| 994 |
|
|
|a E0
|b TXA
|
| 999 |
|
|
|a MARS
|
| 999 |
f |
f |
|s b39a7e2a-067e-307d-a84b-ffe923ba5092
|i e7cfb8ea-7e9a-362f-b66d-70a7af74217b
|t 0
|
| 952 |
f |
f |
|p ric
|a Texas A&M University
|b Rellis Campus
|c Joint Library Facility
|d Remote Storage
|t 0
|e M1746.R5 S36 1996
|h Library of Congress classification
|i audio -- audio disc
|m A14830401110
|
| 998 |
f |
f |
|a M1746.R5 S36 1996
|t 0
|l Remote Storage
|